Cuiabá : (Record no. 1243)
[ view plain ]
| 000 -LÍDER | |
|---|---|
| Campo Fixo de Controle | 00886nam a2200265 a 4500 |
| 001 - NÚMERO DE CONTROLE | |
| Campo de Controle | 1243 |
| 003 - IDENTIFICAÇÃO DO NÚMERO DE CONTROLE | |
| Campo de Controle | BR-CuiBMT |
| 005 - DATA E HORA DA ÚLTIMA ATUALIZAÇÃO | |
| Campo de Controle | 20231201204017.0 |
| 008 - DADOS FIXOS | |
| Dados Fixos | 231201s2007 mtba 000 0 por d |
| 020 ## - INTERNATIONAL STANDARD BOOK NUMBER | |
| Nº do ISBN | 9788587226686 |
| 040 ## - AGÊNCIA CATALOGADORA | |
| Código da Agência Catalogadora | BR-CuiBMT |
| Agência que transcreveu o registro | BR-CuiBMT |
| 080 ## - Nº DA CLASSIFICAÇÃO DECIMAL UNIVERSAL | |
| Nº edição CDU | 2007 |
| Nº Class. CDU | 94 |
| Subd. Auxiliar Comum | (817.2) |
| 090 ## - NÚMERO DE CHAMADA | |
| Nº classificação | 94(817.2) |
| Cutter | C966 |
| Ano/Edição | 2. ed. |
| 245 1# - TÍTULO PRINCIPAL | |
| Título principal | Cuiabá : |
| Subtítulo | de vila a metrópole nascente / |
| Indicação de responsabilidade | organização Elizabeth Madureira Siqueira ... [et al.]. |
| 250 ## - EDIÇÃO | |
| Edição | 2. ed. |
| 260 ## - PUBLICAÇÃO, DISTRIBUIÇÃO, ETC. | |
| Local de publicação | Cuiabá : |
| Editora | Entrelinhas, |
| Data | 2007. |
| 300 ## - DESCRIÇÃO FÍSICA | |
| N. páginas ou volumes | 207 p.: |
| Ilustrações | il., color. |
| Dimensões | 30 cm |
| 504 ## - NOTA DE BIBLIOGRAFIA, ETC. | |
| Nota de bibliografia | Inclui bibliografia. |
| 650 ## - ASSUNTO TÓPICO | |
| Cabeçalho tópico ou nome geográfico | Cuiabá (MT) |
| Subdivisão geral | descrições e viagens |
| 650 ## - ASSUNTO TÓPICO | |
| Cabeçalho tópico ou nome geográfico | Cuiabá (MT) |
| Subdivisão geral | história |
| 650 ## - ASSUNTO TÓPICO | |
| Cabeçalho tópico ou nome geográfico | Fotografia |
| Subdivisão geral | história |
| Subdivisão geográfica | Cuiabá (MT) |
| 651 ## - ASSUNTO -- NOME GEOGRÁFICO | |
| Nome geográfico | Cuiabá (MT) |
| Subdivisão geral | história |
| -- | obras ilustradas |
| 700 ## - ENTRADA SECUNDÁRIA -- NOME PESSOAL | |
| Cód. do termo explicativo | org. |
| Nome pessoal | Siqueira, Elizabeth Madureira, |
| Datas associadas ao nome | 1947- |
| Cód. do termo explicativo | [et al.] |
| 942 ## - ELEMENTOS DE ENTRADA ADICIONAIS (KOHA) | |
| Fonte de classificação ou esquema de arquivamento | Classificação Decimal Universal |
| Tipo de item do Koha | Livros |
| Estado: removido | Estado: perdido | Fonte de classificação ou esquema de arquivamento | Estado: danificado | Indisponível para empréstimo | Localização permanente | Localização atual | Data de aquisição | Total Checkouts | Número de Chamada completo | Código de barras | Date last seen | Número do exemplar | Preço efetivo a partir de | Tipo de item (Koha) |
|---|---|---|---|---|---|---|---|---|---|---|---|---|---|---|
| Classificação Decimal Universal | Biblioteca da Escola Superior de Contas do TCE/MT | Biblioteca da Escola Superior de Contas do TCE/MT | 01/12/2023 | 94(817.2) C966 | BIBTCEMT23120044 | 01/12/2023 | Ex. 1 | 01/12/2023 | Livros |